Approaches to cognition through text and discourse
محفوظ في:
| المؤلف الرئيسي: | |
|---|---|
| التنسيق: | كتاب |
| اللغة: | الإنجليزية |
| منشور في: |
Berlín
Mouton de Gruyter
2004
|
| سلاسل: | Trends in linguistics. Studies and Monographs, 147
|
| الموضوعات: | |
| الوسوم: |
إضافة وسم
لا توجد وسوم, كن أول من يضع وسما على هذه التسجيلة!
|
MARC
| LEADER | 00000nam a2200000 a 4500 | ||
|---|---|---|---|
| 001 | UCI6237 | ||
| 003 | CL-VaPUC | ||
| 008 | 080425e20040000GW |||||||||||||||||eng|d | ||
| 020 | |a 3110177919 | ||
| 082 | 0 | 4 | |a 401.41 |b VIR |2 21 |
| 100 | 0 | |a Virtanen, Tuija |e author |9 528968 | |
| 245 | 1 | 0 | |a Approaches to cognition through text and discourse |
| 300 | |a 214 p | ||
| 942 | |c BK | ||
| 945 | |d 20080425 00:00:00 |a rbrito | ||
| 260 | |a Berlín |b Mouton de Gruyter |c 2004 | ||
| 650 | 0 | |a Análisis del discurso |9 256696 | |
| 650 | 0 | |a Cognición |9 270347 | |
| 650 | 0 | |a Psicolingüística |9 283371 | |
| 583 | |a last modification |c 20130102 10:33:57 |k Rodrigo Vera | ||
| 490 | 0 | |a Trends in linguistics. Studies and Monographs, 147 | |
| 999 | |c 329767 |d 329765 | ||
| 952 | |0 0 |1 0 |4 0 |6 401_410000000000000_VIR_2004 |7 0 |8 A |9 414825 |a FDOPOS |b FDOPOS |d 2019-11-22 |i 4434390 |o 401.41 VIR 2004 |p 4434390 |r 2025-01-22 |w 2019-11-22 |y BK |k MLA | ||